00586nam a2200205Ia 4500003000400000005001700004008004100021020001800062040001800080041000800098082002200106100002000128245005200148250001200200260007000212300003100282650001300313650002800326650002600354OSt20230817143655.0210716s2008 xx 000 0 und d a9788173666728 cAIMIT LIBRARY aeng a005.432 21bCARG aCarter, Gerald. aLDAP system administration /cBy Gerald Carter. a1st ed. aNew Delhi :bShroff Publishers and Distributors Pvt Ltd ,c2008. axii,294,15 p.;bPBc24 cm. aOpenLDAP aApplication integration aLDAP interoperability